| 000 | 005420000a22002170004500 | ||
|---|---|---|---|
| 003 | LK-CoMWRAF | ||
| 005 | 20231006120100.0 | ||
| 008 | 230817t ||||| |||| 00| 0 eng d | ||
| 040 |
_aLK-CoMWRAF _dLK-CoMWRAF _eLK-CoMWRAF |
||
| 041 | _aeng | ||
| 082 |
_a297 _bPIK |
||
| 100 | _aPike,E.Royston | ||
| 245 |
_aMohammed : _bProphet of the Religion of Islam |
||
| 250 | _a2nd Edition | ||
| 260 |
_bHampshire : _aE. Royston Pike _c1968 |
||
| 300 | _a128p | ||
| 650 | _aIslam | ||
| 650 | _aProphet Mohammed | ||
| 650 | _aQuran | ||
| 942 | _cBK | ||
| 999 |
_c3195 _d3195 |
||